00254nam a2200121Ia 4500100001800000250000700018366000700025245002900032260002400061082001600085300000800101546002300109 aLuthans/Fred  a12 f25 aOrganisational Behaviour bMcGraw - Hillc2011 a302.35bLUT a574 aENGLISHcInfo.Tech